Merged Country Flags #2 - Statistics

General Stats
  • This quiz has been taken 2,931 times
  • The average score is 27 of 32
Answer Stats
Hint Answer % Correct
Italy
99%
Mexico
98%
Albania
96%
Belgium
96%
Brazil
96%
Japan
96%
Russia
96%
Estonia
94%
Greece
94%
Spain
94%
Serbia
92%
Netherlands
91%
Thailand
91%
India
87%
Morocco
87%
Mongolia
85%
Kazakhstan
84%
Kyrgyzstan
84%
Georgia
83%
Venezuela
83%
Bahamas
82%
Liechtenstein
81%
Egypt
80%
Dominica
79%
Jordan
77%
Singapore
76%
San Marino
75%
Guyana
74%
Cape Verde
72%
Moldova
72%
Philippines
72%
Suriname
70%
No matching quizzes found
Score Distribution
Percent of People with Each Score
Percentile by Number Answered
Your Score History
You have not taken this quiz